| 000 | 005560000a22001210004500 | ||
|---|---|---|---|
| 100 | 1 | _aAlberto, Baliesima Kadukima | |
| 245 | 1 | 0 | _aRestauración de la esperanza |
| 300 | _aVol.0, núm.66 (Mayo, 2006), Páginas 4-5 | ||
| 500 | _aCoordinadora del Programa de Salud, VIH y SIDA de la Iglesia Anglicana del Congo (PEAC), Beni, RDC. | ||
| 520 | _aLa violencia basada en el género (VBG) es violencia, sexual o de otro tipo, que se debe a las desigualdades de género. Se reconoce como un abuso de los derechos humanos. | ||
| 773 | 0 | _tPaso a Paso | |
| 942 | _cANA | ||
| 999 |
_c61516 _d61516 |
||